Electricity And Magnetism (Record no. 34347)

MARC details
000 -LEADER
fixed length control field 00382nam a22001697a 4500
003 - CONTROL NUMBER IDENTIFIER
control field OSt
005 - DATE AND TIME OF LATEST TRANSACTION
control field 20220405111315.0
008 - FIXED-LENGTH DATA ELEMENTS--GENERAL INFORMATION
fixed length control field 220405b |||||||| |||| 00| 0 eng d
020 ## - INTERNATIONAL STANDARD BOOK NUMBER
International Standard Book Number 8173812519
040 ## - CATALOGING SOURCE
Transcribing agency HU
082 ## - DEWEY DECIMAL CLASSIFICATION NUMBER
Classification number 537
100 ## - MAIN ENTRY--PERSONAL NAME
Personal name Chattopadhyay D.
9 (RLIN) 28857
245 ## - TITLE STATEMENT
Title Electricity And Magnetism
260 ## - PUBLICATION, DISTRIBUTION, ETC.
Place of publication, distribution, etc. London
Name of publisher, distributor, etc. London
300 ## - PHYSICAL DESCRIPTION
Type of unit 640
942 ## - ADDED ENTRY ELEMENTS (KOHA)
Source of classification or shelving scheme Dewey Decimal Classification
Koha item type Books like text book referance book
Suppress in OPAC No
Holdings
Withdrawn status Lost status Source of classification or shelving scheme Damaged status Not for loan Home library Current library Shelving location Date acquired Full call number Barcode Date last seen Copy number Price effective from Koha item type
    Dewey Decimal Classification     IoT Library IoT Library General Stacks 04/05/2022 537/CHA/2013 IOTL0020230 04/05/2022 1 04/05/2022 Books like text book referance book
    Dewey Decimal Classification     IoT Library IoT Library General Stacks 04/05/2022 537/CHA/2013 IOTL0020231 04/05/2022 2 04/05/2022 Books like text book referance book
    Dewey Decimal Classification     IoT Library IoT Library General Stacks 04/05/2022 537/CHA/2013 IOTL0020232 04/05/2022 3 04/05/2022 Books like text book referance book
    Dewey Decimal Classification     IoT Library IoT Library General Stacks 04/05/2022 537/CHA/2013 IOTL0020233 04/05/2022 4 04/05/2022 Books like text book referance book
    Dewey Decimal Classification     IoT Library IoT Library General Stacks 04/05/2022 537/CHA/2013 IOTL0020234 04/05/2022 5 04/05/2022 Books like text book referance book
    Dewey Decimal Classification     IoT Library IoT Library General Stacks 04/05/2022 537/CHA/2013 IOTL0020235 04/05/2022 6 04/05/2022 Books like text book referance book